000 00807nas a2200241 4500
001 BR9201755
003 BR-BrBNA
005 20231205092438.0
007 ta
008 230509b bl.|||p| |||| 00| 00por d
040 _aBR-BrBNA
_bpor
_cBiblioteca Nacional de Agricultura
041 _a(Pt)
072 _aH10
100 1 _aWaquil, J.M.
100 1 _aMatrangolo, W.J.R.
245 1 _aOcorrencia de Paraximia carmelitana (Hemiptera, Miridae), causando dano em sorgo
246 1 _a[Occurrence of Paraximia carmelitana (Hemiptera, Miridae), causing damage in sorghum!
650 _aSORGO
650 _aHEMIPTERO
773 0 _tAnais da Sociedade Entomologica do Brasil (Brazil)
_xISSN 0301-8059
_g(1991), v. 20(2) p. 457
_wBR9201755
909 _a202311
_bLúcia
_c55
_dLúcia Elande
942 _2AGRIS
_n0
_cANA
999 _c131766
_d131766